01087nam a2200277 k 4500001001300000005001500013008004100028020003500069040001900104041001800123049001700141056001300158090002100171100002500192245013100217246009200348260004900440300003000489500003200519546006500551653008800616700001400704740006100718900001900779950001100798KMO20260229520260519105313260514s2026 jbka 000a kor a9791173742613g03300 :c\20000 a146043c1460431 akorhspaheng0 lEM0000048750 a001.326 a001.3b야213직1 a야네라스, 키코10a직관과 객관 :b과잉 정보의 시대, 본질을 보는 8가지 규칙 /d키코 야네라스 지음 ;e이소영 옮김19aPiensa claro:bocho reglas para descifrar el mundo y tener exito en la era de los datos a군산 :b오픈도어북스:b하움,c2026 a364 p. :b삽화 ;c19 cm a원저자명: Kiko Llaneras a영어 번역 된 스페인어 원작을 한국어로 중역 a인문학a교양a과학a확률a사회과학a비평a국제사회a사회문제1 a이소영02a과잉 정보의 시대, 본질을 보는 8가지 규칙10aLlaneras, Kiko0 b\20000 |
|---|